Housing costs and housing needs (Record no. 412199)

000 -LEADER
fixed length control field 00578cam a22001697a 4500
008 - FIXED-LENGTH DATA ELEMENTS--GENERAL INFORMATION
fixed length control field 180718b1976 xxu||||| |||| 00| 0 eng d
020 ## - INTERNATIONAL STANDARD BOOK NUMBER
International Standard Book Number 0275562204
082 ## - DEWEY DECIMAL CLASSIFICATION NUMBER
Classification number XAx73 G831
245 ## - TITLE STATEMENT
Title Housing costs and housing needs
Statement of responsibility, etc. edited by Alexander Greendale and Stanley F. Knock
260 ## - PUBLICATION, DISTRIBUTION, ETC.
Place of publication, distribution, etc. New York
Name of publisher, distributor, etc. Praeger
Date of publication, distribution, etc. 1976
300 ## - PHYSICAL DESCRIPTION
Extent xxiii, 180p
440 ## - SERIES STATEMENT/ADDED ENTRY--TITLE
Title Praeger special studiaes in U.S. economic, social, and political issues
650 ## - SUBJECT ADDED ENTRY--TOPICAL TERM
Topical term or geographic name entry element Housing --United States.
650 ## - SUBJECT ADDED ENTRY--TOPICAL TERM
Topical term or geographic name entry element Housing policy --United States
700 ## - ADDED ENTRY--PERSONAL NAME
Personal name Knock, Stanley F.
700 ## - ADDED ENTRY--PERSONAL NAME
Personal name Greendale, Alexander
Holdings
Withdrawn status Lost status Damaged status Not for loan Permanent Location Current Location Date acquired Full call number Barcode Date last seen Price effective from Koha item type
        Indian Institute of Public Administration Indian Institute of Public Administration 2009-02-04 XAx73 G831 DA4847 2018-07-21 2018-07-21 DA

Powered by Koha